LDR 00664nam a2200169 i 4500 001 000000022134 003 CaOOAMICUS 005 20180830125445.0 008 180830s1929 it u000 u ita u 040 $aSeMil$bita 100 1 $aSaba, Agostino,$c
.$0(OLS)http://semarc/name/4324 245 13$aIl Pontificato Romano e la Sardegna Medioevale /$cAgostino Saba. 260 $aRoma :$bSansaini & C.,$c1929. 300 $av. ;$c26 cm. 774 0 $tDal sec. 6. al sec. 8.$gVol.1$w()182097 996 $6245$aIl Pontificato Romano e la Sardegna Medioevale$9(OLS)http://semarc/title/29449 996 $6260$aRoma :$bSansaini & C.$9(OLS)http://semarc/publisher/35659